Statistics for NBA Teams That Lost in the Finals

Click here to take the quiz!

General Stats

  • This quiz has been taken 44 times
    (27 since last reset)
  • The average score is 26 of 70

Answer Stats

YearTeam% Correct
2016Golden State Warriors
95%
2015Cleveland Cavaliers
86%
2014Miami Heat
81%
2013San Antonio Spurs
81%
2012Oklahoma City Thunder
81%
2011Miami Heat
81%
2010Boston Celtics
76%
2008Los Angeles Lakers
67%
2004Los Angeles Lakers
62%
1997Utah Jazz
62%
2005Detroit Pistons
62%
2006Dallas Mavericks
62%
2007Cleveland Cavaliers
62%
2009Orlando Magic
62%
2001Philadelphia 76ers
52%
1998Utah Jazz
52%
1995Orlando Magic
43%
2003New Jersey Nets
43%
2002New Jersey Nets
43%
1994New York Knicks
43%
1999New York Knicks
43%
1996Seattle Supersonics
43%
1992Portland Trail Blazers
38%
1993Phoenix Suns
38%
2000Indiana Pacers
38%
1966Los Angeles Lakers
33%
1965Los Angeles Lakers
33%
1991Los Angeles Lakers
33%
1990Portland Trail Blazers
33%
1989Los Angeles Lakers
33%
1988Detroit Pistons
33%
1987Boston Celtics
33%
1983Los Angeles Lakers
29%
1985Boston Celtics
29%
1984Los Angeles Lakers
29%
1982Philadelphia 76ers
29%
1980Philadelphia 76ers
29%
1950Syracuse Nationals
29%
1979Washington Bullets
29%
1951New York Knicks
29%
1952New York Knicks
29%
1953New York Knicks
29%
1958Boston Celtics
29%
1970Los Angeles Lakers
29%
1969Los Angeles Lakers
29%
1968Los Angeles Lakers
29%
1948Philadelphia Warriors
24%
1962Los Angeles Lakers
24%
1954Syracuse Nationals
24%
1957St. Louis Hawks
24%
1959Minneapolis Lakers
24%
1961St. Louis Hawks
24%
1964San Francisco Warriors
24%
1981Houston Rockets
24%
1967San Francisco Warriors
24%
1986Houston Rockets
24%
1973Los Angeles Lakers
24%
1977Philadelphia 76ers
19%
1960St. Louis Hawks
19%
1974Milwaukee Bucks
19%
1963Los Angeles Lakers
19%
1955Fort Wayne Pistons
19%
1978Seattle Supersonics
14%
1956Fort Wayne Pistons
14%
1976Phoenix Suns
14%
1975Washington Bullets
14%
1972New York Knicks
14%
1971Baltimore Bullets
14%
1947Chicago Stags
14%
1949Washington Capitols
10%

Score Distribution

Percentile by Number Answered

Percent of People with Each Score

Your Score History

You have not taken this quiz since the last reset